|
|
|
|
| LEADER |
00598 a2200157 4500 |
| 008 |
150420b xxu||||| |||| 00| 0 eng d |
| 020 |
|
|
|a 9780713992823
|
| 082 |
|
|
|a 923.141T
|
| 100 |
|
|
|a Moore, Charles.
|
| 245 |
|
|
|a Margret Thatcher :
|b the authorized biography / (vol.1)
|c Charles Moore.
|
| 260 |
|
|
|c 2013.
|b Allen Lane,
|a London:
|
| 300 |
|
|
|a xxxii, 859p. :
|b ill. ;
|c 24 cm.
|
| 650 |
|
|
|a Thatcher,Margaret
|x Biography.
|
| 942 |
|
|
|2 ddc
|c BK
|
| 999 |
|
|
|c 104830
|d 104830
|
| 952 |
|
|
|0 0
|1 0
|4 0
|6 923_000000000000000_141T_MOO_M
|7 0
|9 106993
|a UL
|b UL
|c ST1
|d 2014-02-20
|e 2
|g 638.29
|l 0
|o 923.141T MOO/M
|p 92120
|r 2014-10-29
|v 899.00
|y BK
|